Principles of Financial Management
Na minha lista:
| Autor principal: | |
|---|---|
| Outros Autores: | |
| Formato: | Livro |
| Idioma: | inglês |
| Publicado em: |
Homewood
Irwin
1988
|
| Edição: | 2. ed. |
| Assuntos: | |
| Tags: |
Sem tags, seja o primeiro a adicionar uma tag!
|
MARC
| LEADER | 00000nam a2200000 4500 | ||
|---|---|---|---|
| 001 | c000335 | ||
| 005 | 20221219121200.0 | ||
| 020 | |a 0-256-03699-3 | ||
| 041 | 0 | |a eng | |
| 044 | |a US | ||
| 245 | 1 | 0 | |a Principles of Financial Management |c Burton A. Kolb, Richard F. Demong |
| 250 | |a 2. ed. | ||
| 264 | 1 | |a Homewood |b Irwin |c 1988 | |
| 300 | |a 855 s. | ||
| 610 | 2 | 0 | |a financie |
| 610 | 2 | 0 | |a manažment |
| 610 | 2 | 0 | |a riadenie |
| 610 | 2 | 0 | |a účtovníctvo finančné |
| 610 | 2 | 0 | |a trh finančný |
| 610 | 2 | 0 | |a investície |
| 610 | 2 | 0 | |a kapitál |
| 610 | 2 | 0 | |a rozhodovanie |
| 610 | 2 | 0 | |a dividendy |
| 610 | 2 | 0 | |a úver dlhodobý |
| 610 | 2 | 0 | |a fúzie |
| 610 | 2 | 0 | |a papiere cenné |
| 610 | 2 | 0 | |a riziko |
| 100 | 1 | |a Kolb, Burton A. | |
| 700 | 1 | |a Demong, Richard F. | |